000 00481nam a2200157 4500
999 _c5416
_d5416
008 161028b xxu||||| |||| 00| 0 eng d
022 _a9770118389007
082 _aDPer 641.05 F73 Mar-Nov 2012
100 _916697
_aPrats, Joey E.
245 _aIn love with churros con chocolate /
_cJoey E. Prats.
260 _aQuezon City:
_bABS CBN Publishing, Inc.,
_c©2012.
300 _apage 26;
_c30 cm.
500 _aFood.
650 0 _916698
_aConfectionery
942 _2ddc
_cPER